| 000 | 00935nac a22002895a 4500 | ||
|---|---|---|---|
| 006 | a||||fr||||z00| 0 | ||
| 008 | 090216t 2003us a|||| |||| 001 0 eng d | ||
| 020 |
_a0808923480 _z080892348 |
||
| 020 |
_a1416025344 _z9780808923480 |
||
| 040 |
_aEG-Sc BUE _beng _cEG-Sc BUE |
||
| 082 | 0 | 4 |
_a616.07 _bKUM _222 |
| 100 | 1 |
_aKumar,Vinay. _93833 |
|
| 245 |
_aRobins Basic Pathology / _cVinay Kuma,Ramzi S. Cotran,Stanle L. Robbins. |
||
| 250 |
_a7th ed. _bUpdated ed. |
||
| 260 |
_aphiladelphia: _bSaunders, _cc2003 |
||
| 300 |
_aXII, 873 p : _bill (some col) _c25cm. + _e1 CD-ROM (4 3/4 in.) |
||
| 490 | _aRobins Pathology Serial. | ||
| 500 | _aIndex : p. 851-873. | ||
| 504 | _aIncludes bibliographical references. | ||
| 590 | _aDoha | ||
| 650 |
_aPathology _93834 _2BUEsh |
||
| 651 | _2BUEsh | ||
| 653 | _cAugust2015 | ||
| 700 | 1 | _a Cotran,Ramzi S. | |
| 700 | 1 | _a Robbins,Stanle L. | |
| 942 |
_cBB _k616.07KUM _2ddc |
||
| 999 |
_c2790 _d2790 |
||